| 000 | 00656nam a2200265Ia 4500 | ||
|---|---|---|---|
| 003 | OSt | ||
| 005 | 20221007103349.0 | ||
| 006 | a|||||r|||| 00| 0 | ||
| 007 | ta | ||
| 008 | 221006b |||||||| |||| 00| 0 hin d | ||
| 024 | _a12,939 | ||
| 037 | _cTextual | ||
| 040 |
_aLCO _cLCO _bhin |
||
| 041 |
_2hin _ahin |
||
| 082 | _aZ2,4, N7 | ||
| 100 | _aRatanlal | ||
| 245 | 0 | _aApkraty Vidhi | |
| 250 | _a23rd | ||
| 260 |
_aAllahabad _bAllahabad Law Agency Publications India _c1997 |
||
| 300 | _a888 | ||
| 650 | _aLAW OF TORTS | ||
| 700 | _a Dhirajlal | ||
| 942 |
_hZ2,4, N7 _cTEXL |
||
| 999 |
_c1182502 _d1182502 |
||